000 00448nam a2200133Ia 4500
008 151015s9999 xx 000 0 und d
020 _a9.7801953051e+012
245 _aU.N.D.P
250 _a_Human development report 2005 international cooperation at a crossroads;aid,trade and security in an equal world UNDP
300 _aNew York UNDP 2005
500 _aIncludes index.
650 _a_Human development
700 _a^d20110510 12:21:59^oanne
999 _c1916
_d1916